| 000 | 00401nam a22001457a 4500 | ||
|---|---|---|---|
| 020 | _qPB. | ||
| 040 | _cFizza Ishaq | ||
| 082 |
_a006.31 _bBRI |
||
| 100 |
_aGupta, B. Brij. _9111532 |
||
| 245 |
_aMachine Learning for Computer and Cyber Security: Principle, Algorithms, and Practices / _cBrij B. Gupta. |
||
| 250 | _a1st ed. | ||
| 260 |
_bCRC Press, _c2019. |
||
| 300 | _a352 p. ; | ||
| 942 |
_2ddc _cBK |
||
| 999 |
_c594451 _d594451 |
||